Najczęściej zgadywane powiaty według województw - Statystyki

Ogólne statystyki
  • Ten quiz został rozwiązany 2 618 razy
    2 428 od ostatniego zresetowania
  • Średni wynik to 46 z 80
Statystyki odpowiedzi
Województwo % Powiat % Poprawnych
Dolnośląskie 99% Wrocław
93%
Łódzkie 99% Łódź
89%
Mazowieckie 95% Warszawa
87%
Małopolskie 99% Kraków
86%
Pomorskie 99% Gdańsk
84%
Lubelskie 95% Lublin
84%
Podkarpackie 98% Rzeszów
83%
Kujawsko-Pomorskie 99% Toruń
83%
Kujawsko-Pomorskie 95% Bydgoszcz
82%
Pomorskie 96% Gdynia
82%
Śląskie 96% Katowice
82%
Opolskie 96% Opole
82%
Podlaskie 95% Białystok
81%
Wielkopolskie 98% Poznań
80%
Świętokrzyskie 95% Kielce
78%
Pomorskie 94% Sopot
78%
Lubuskie 94% Zielona Góra
78%
Lubuskie 92% Gorzów Wielkopolski
76%
Warmińsko-Mazurskie 99% Olsztyn
76%
Zachodniopomorskie 99% Szczecin
76%
Mazowieckie 88% Radom
73%
Dolnośląskie 88% Wrocławski
70%
Małopolskie 86% Krakowski
67%
Kujawsko-Pomorskie 94% Bydgoski
66%
Świętokrzyskie 97% Kielecki
66%
Kujawsko-Pomorskie 92% Toruński
66%
Podlaskie 94% Białostocki
64%
Opolskie 95% Opolski
64%
Podkarpackie 92% Rzeszowski
64%
Śląskie 80% Częstochowski / Zabrze
63%
Wielkopolskie 92% Poznański
62%
Warmińsko-Mazurskie 94% Olsztyński
61%
Lubuskie 96% Zielonogórski
61%
Śląskie 83% Gliwice
59%
Lubuskie 94% Gorzowski
59%
Podlaskie 89% Suwałki
59%
Małopolskie 84% Tarnów
59%
Warmińsko-Mazurskie 91% Elbląg
58%
Lubelskie 89% Lubelski
58%
Mazowieckie 82% Płock
58%
Dolnośląskie 82% Wałbrzych / Wałbrzyski
58%
Mazowieckie 81% Radomski
57%
Dolnośląskie 84% Legnica
56%
Śląskie 86% Częstochowa
55%
Lubelskie 85% Zamość
55%
Podlaskie 89% Suwalski
54%
Podkarpackie 86% Przemyśl
53%
Śląskie 81% Sosnowiec
51%
Lubelskie 84% Chełm
50%
Zachodniopomorskie 92% Koszalin
50%
Dolnośląskie 85% Legnicki
50%
Małopolskie 80% Tarnowski
50%
Warmińsko-Mazurskie 88% Elbląski
49%
Pomorskie 83% Słupsk
49%
Wielkopolskie 81% Kalisz
48%
Wielkopolskie 83% Konin
47%
Mazowieckie 76% Płocki
47%
Łódzkie 76% Piotrkowski
46%
Lubelskie 83% Zamojski
46%
Małopolskie 81% Nowy Sącz
45%
Łódzkie 76% Piotrków Trybunalski
45%
Zachodniopomorskie 87% Świnoujście
45%
Podlaskie 80% Łomża
43%
Podkarpackie 83% Przemyski
43%
Kujawsko-Pomorskie 81% Włocławski
43%
Wielkopolskie 80% Kaliski
41%
Zachodniopomorskie 81% Kołobrzeski
40%
Podkarpackie 82% Krosno
40%
Zachodniopomorskie 84% Koszaliński
39%
Świętokrzyskie 76% Sandomierski
39%
Pomorskie 77% Słupski
38%
Łódzkie 67% Bełchatowski
35%
Warmińsko-Mazurskie 73% Ełcki
35%
Opolskie 70% Nyski
33%
Łódzkie 67% Skierniewicki
31%
Opolskie 62% Brzeski
30%
Świętokrzyskie 62% Skarżyski / Starachowicki
30%
Świętokrzyskie 64% Ostrowiecki
29%
Lubuskie 67% Żarski
22%
Opolskie 61% Kluczborski
20%
Nie znaleziono quizów pasujących do podanych kryteriów
Rozkład punktacji
Procent ludzi z każdym wynikiem
Percentyl według liczby udzielonych odpowiedzi
Twoja historia wyników
Nie rozwiązałeś tego quizu od ostatniego zresetowania